LEADER 01746nam a2200301 i 4500 001 000000168690 003 CaOOAMICUS 005 20080122000000.0 008 080122s2007 gw u000 u mul u 013 $a146092 020 $a978-3-11-019461-6 040 $aSeMil$bita 245 10$aStudien zu Ritual und Sozialgeschichte im Alten Orient = Studies on ritual and society in the ancient Near East :$bTartuer Symposien 1998-2004 /$chrsg. von = edited by Thomas Richard Kämmerer. 246 01$aStudies on ritual and society in the ancient Near East : Tartuer Symposien 1998-2004 260 $aBerlin ; New York :$bDe Gruyter,$c2007. 300 $aXI, 386 p. ;$c24 cm. 490 0 $aBeihefte zur Zeitschrift für die alttestamentliche Wissenschaft ;$v374 650 4$aOriente antico - Civiltà.$0(OLS)http://semarc/subject/29023 650 4$aOriente antico - Vita religiosa.$0(OLS)http://semarc/subject/32179 700 1 $aKämmerer, Thomas Richard.$0(OLS)http://semarc/name/63315 830 0$aBeihefte zur Zeitschrift für die alttestamentliche Wissenschaft ;$v374.$0(OLS)http://semarc/title/294 850 $aSeMil 852 $aSeMil$W1$xVenegono$y1$m2XA Q 374$j252343$B119714$CSeMilBibl$Z2$F130753 $81 961 $aSottoscrizione: De Gruyter 996 $6020$a978-3-11-019461-6$9(OLS)http://semarc/number/155485 996 $6245$aStudien zu Ritual und Sozialgeschichte im Alten Orient = Studies on ritual and society in the ancient Near East :$bTartuer Symposien 1998-2004$9(OLS)http://semarc/title/241319 996 $6246$aStudies on ritual and society in the ancient Near East : Tartuer Symposien 1998-2004$9(OLS)http://semarc/title/241320 996 $6260$aBerlin ; New York :$bDe Gruyter$9(OLS)http://semarc/publisher/29892 LEADER 01252nam a2200265 4500 001 000000360921 003 CaOOAMICUS 005 20241128120847.0 008 241128s2024 it 000 u ita r 020 $a978-88-498-7789-2 040 $aSeMil$bita 100 1 $aPeloso, Flavio,$d<1952- >.$0(OLS)http://semarc/name/17783 245 10$aPersone nell'orbita di don Orione :$bstudi orionini /$cFlavio Peloso ; presentazione di Angelo Bagnasco. 264 1$aSoveria Mannelli :$bRubbettino,$c2024. 300 $a490 p. ;$c23 cm 490 1 $aSpiritualità e promozione umana. Nuova serie ;$v9 600 14$aOrione, Luigi .$0(OLS)http://semarc/subject/1661 700 1 $aBagnasco, Angelo,$c.$0(OLS)http://semarc/name/43104 830 0$aSpiritualità e promozione umana. Nuova serie ;$v9.$0(OLS)http://semarc/title/428924 850 $aSeMil 852 $aSeMil$W1$xVenegono$y1$m3H III 533$j252677$B251910$CSeMilBibl$Z2$F251910 $81 996 $6020$a978-88-498-7789-2$9(OLS)http://semarc/number/301919 996 $6245$aPersone nell'orbita di don Orione :$bstudi orionini$9(OLS)http://semarc/title/451519 996 $6264$aSoveria Mannelli :$bRubbettino$9(OLS)http://semarc/publisher/32145